Washington Basketball: Top 10 All-Time Leaders - Statistics

General Stats
  • This quiz has been taken 2 times
    0 since last reset
  • The average score is 0 of 90
Answer Stats
Category # Player Amount % Correct
Assists 2 Abdul Gaddy 469
0%
Points 3 Andrew Andrews 1,812
0%
Assists 6 Andrew Andrews 387
0%
Steals 7 Andrew Andrews 149
0%
Three Pointers Made 5 Andrew Andrews 194
0%
Blocks 7 Aziz N'Diaye 112
0%
Field Goal Percent 9 Bill Hanson 51.0%
0%
Points Per Game 6 Bill Hanson 17.8
0%
Steals 9 Bobby Jones 134
0%
Points 6 Bob Houbregs 1,774
0%
Rebounds 7 Bob Houbregs 971
0%
Points Per Game 2 Bob Houbregs 19.5
0%
Field Goal Percent 8 Brandon Roy 51.2%
0%
Rebounds 10 Bruno Boin 832
0%
Points Per Game 8 Bruno Boin 17.1
0%
Steals 5 Bryant Boston 164
0%
Points 1 Chris Welp 2,073
0%
Rebounds 4 Chris Welp 995
0%
Blocks 1 Chris Welp 186
0%
Field Goal Percent 2 Chris Welp 56.9%
0%
Points 2 C.J. Wilcox 1,880
0%
Blocks T8 C.J. Wilcox 98
0%
Three Pointers Made 1 C.J. Wilcox 301
0%
Three Pointers Made 8 Curtis Allen 151
0%
Games 2 Darnell Gant 140
0%
Assists 8 David Crisp 356
0%
Three Pointers Made 2 David Crisp 256
0%
Games T5 David Crisp 135
0%
Blocks T8 David Dixon 98
0%
Rebounds 9 Dean Parsons 876
0%
Three Pointers Made 4 Deon Luton 212
0%
Field Goal Percent 7 Detlef Schrempf 52.1%
0%
Steals 10 Dion Brown 127
0%
Three Pointers Made 9 Dominic Green 146
0%
Assists 10 Donald Watts 310
0%
Rebounds 3 Doug McClary 1,002
0%
Rebounds 2 Doug Smart 1,051
0%
Points Per Game 4 Doug Smart 18.9
0%
Points 9 Eldridge Recasner 1,700
0%
Assists 7 Eldridge Recasner 376
0%
Field Goal Percent 3 George Irvine 55.8%
0%
Points Per Game 9 George Irvine 16.8
0%
Blocks T5 Hameir Wright 135
0%
Points 8 Isaiah Thomas 1,721
0%
Assists 3 Isaiah Thomas 415
0%
Three Pointers Made 7 Isaiah Thomas 164
0%
Points Per Game 10 Isaiah Thomas 16.4
0%
Steals 6 Jamal Bey 153
0%
Games 1 Jamal Bey 150
0%
Field Goal Percent 10 James Edwards 50.9%
0%
Steals 2 Jamie Booker 195
0%
Points 4 Jon Brockman 1,805
0%
Rebounds 1 Jon Brockman 1,283
0%
Field Goal Percent 6 Jon Brockman 53.4%
0%
Assists 4 Justin Dentmon 401
0%
Steals 3 Justin Dentmon 180
0%
Games 9 Justin Dentmon 133
0%
Points Per Game 3 Keion Brooks Jr. 19.4
0%
Points Per Game 5 Louie Nelson 17.9
0%
Blocks T5 Malik Dime 135
0%
Steals 1 Matisse Thybulle 331
0%
Blocks 2 Matisse Thybulle 185
0%
Three Pointers Made 6 Matisse Thybulle 191
0%
Games T5 Matisse Thybulle 135
0%
Blocks 3 Matthew Bryan-Amaning 158
0%
Games T3 Matthew Bryan-Amaning 136
0%
Steals 8 Nate Robinson 140
0%
Assists 9 Nigel Williams-Goss 317
0%
Points 10 Noah Dickerson 1,609
0%
Rebounds 5 Noah Dickerson 979
0%
Field Goal Percent 4 Noah Dickerson 54.0%
0%
Games 8 Noah Dickerson 134
0%
Points 5 Quincy Pondexter 1,786
0%
Games T3 Quincy Pondexter 136
0%
Points Per Game 7 Rich Manning 17.3
0%
Three Pointers Made 3 Ryan Appleby 231
0%
Blocks 10 Sam Timmins 89
0%
Games 10 Sam Timmins 132
0%
Three Pointers Made 10 Scott Suggs 144
0%
Rebounds 8 Steve Hawes 961
0%
Field Goal Percent 5 Steve Hawes 53.9%
0%
Points Per Game 1 Steve Hawes 20.8
0%
Points 7 Todd MacCulloch 1,743
0%
Rebounds 6 Todd MacCulloch 975
0%
Blocks 4 Todd MacCulloch 142
0%
Field Goal Percent 1 Todd MacCulloch 66.4%
0%
Assists 5 Venoy Overton 390
0%
Steals 4 Venoy Overton 177
0%
Games T5 Venoy Overton 135
0%
Assists 1 Will Conroy 515
0%
No matching quizzes found
Score Distribution
Percent of People with Each Score
Percentile by Number Answered
Your Score History
You have not taken this quiz since the last reset